000
00269nam a22001097a 4500
082
_a
910
100
_a
Dey Babul
_9
80550
245
_a
Mapping The Indian Ocean
260
_a
Kolkata
_b
Institute of Social and Coltural Studies
_c
2015
650
_a
Geography
942
_c
BK
999
_c
63884
_d
63884